| 000 | 01047nam a2200277 a 4500 | ||
|---|---|---|---|
| 001 | BRCA_4335 | ||
| 005 | 20190320204630.0 | ||
| 008 | 040510s1959----sp-a######---#000-0#spa-# | ||
| 041 | _aspa | ||
| 044 | _asp | ||
| 050 | 4 |
_aN5300 _b.P55 6 1959 |
|
| 100 | 1 |
_aPijoán, José _d1880-1963 _qJosé Pijoán Soteras _911102 |
|
| 245 | 1 | 0 |
_aSumma Artis _bhistoria general del arte _cdirigida por José Pijoán. |
| 260 |
_aEspaña _bEspasa-Calpe _c1959 |
||
| 300 |
_a568 p. (v.17) _bil. (algunas a color) _c27 cm. |
||
| 500 | _aIncluye índice alfabético, índice de materias e índice de láminas | ||
| 500 | _aEnciclopedia inventariada por Banco de México como libro | ||
| 500 | _aEjemplar igual a AA122. Ver también AA121, AA123, D136, D137, D142 y N28 | ||
| 500 | _aD138 | ||
| 504 | _aBibliografía: p. [529]-532 | ||
| 505 | 0 | _aContenido: v.17. La arquitectura y la orfebrería españolas del siglo XVI, por José Camón Aznar | |
| 650 | 1 | 4 |
_aArte _xHistoria _911103 |
| 700 | 1 |
_aCamón Aznar, José _910797 |
|
| 902 | _aGFM | ||
| 942 |
_2lcc _cB |
||
| 999 |
_c4046 _d4046 |
||